How To Read A Book, (Record no. 13841)
[ view plain ]
| 000 -LEADER | |
|---|---|
| fixed length control field | 01363cam a2200301 4500 |
| 001 - CONTROL NUMBER | |
| control field | 2188219 |
| 005 - DATE AND TIME OF LATEST TRANSACTION | |
| control field | 20060725210900.0 |
| 008 - FIXED-LENGTH DATA ELEMENTS--GENERAL INFORMATION | |
| fixed length control field | 720928s1972 nyu | b 001 0 eng d |
| 010 ## - LIBRARY OF CONGRESS CONTROL NUMBER | |
| LC control number | 72081451 |
| 020 ## - INTERNATIONAL STANDARD BOOK NUMBER | |
| International Standard Book Number | 9780671212094 |
| 020 ## - INTERNATIONAL STANDARD BOOK NUMBER | |
| International Standard Book Number | 0671212095 |
| 040 ## - CATALOGING SOURCE | |
| Original cataloging agency | DLC |
| Transcribing agency | DLC |
| Modifying agency | DLC |
| 082 ## - DEWEY DECIMAL CLASSIFICATION NUMBER | |
| Classification number | 028 |
| Item number | ADL |
| 100 1# - MAIN ENTRY--PERSONAL NAME | |
| Personal name | Adler, Mortimer Jerome, |
| Dates associated with a name | 1902-2001. |
| 9 (RLIN) | 13343 |
| 245 10 - TITLE STATEMENT | |
| Title | How To Read A Book, |
| Statement of responsibility, etc | By Mortimer J. Adler and Charles van Doren. |
| 250 ## - EDITION STATEMENT | |
| Edition statement | Rev. and updated ed. |
| 260 ## - PUBLICATION, DISTRIBUTION, ETC. (IMPRINT) | |
| Place of publication, distribution, etc | New York : |
| Name of publisher, distributor, etc | Simon and Schuster , |
| Date of publication, distribution, etc | c1972. |
| 300 ## - PHYSICAL DESCRIPTION | |
| Extent | xiii, 426 p. |
| Dimensions | 22 cm. |
| 500 ## - GENERAL NOTE | |
| General note | Includes Index. |
| 650 #0 - SUBJECT ADDED ENTRY--TOPICAL TERM | |
| Topical term or geographic name as entry element | Reading. |
| 9 (RLIN) | 13344 |
| 700 1# - ADDED ENTRY--PERSONAL NAME | |
| Personal name | Van Doren, Charles Lincoln, |
| Dates associated with a name | 1926- |
| Relator term | joint author. |
| 9 (RLIN) | 13345 |
| 856 42 - ELECTRONIC LOCATION AND ACCESS | |
| Materials specified | Publisher description |
| Uniform Resource Identifier | <a href="http://www.loc.gov/catdir/enhancements/fy0631/72081451-d.html">http://www.loc.gov/catdir/enhancements/fy0631/72081451-d.html</a> |
| 856 41 - ELECTRONIC LOCATION AND ACCESS | |
| Materials specified | Table of contents only |
| Uniform Resource Identifier | <a href="http://www.loc.gov/catdir/enhancements/fy0631/72081451-t.html">http://www.loc.gov/catdir/enhancements/fy0631/72081451-t.html</a> |
| 856 41 - ELECTRONIC LOCATION AND ACCESS | |
| Materials specified | Sample text |
| Uniform Resource Identifier | <a href="http://www.loc.gov/catdir/enhancements/fy0641/72081451-s.html">http://www.loc.gov/catdir/enhancements/fy0641/72081451-s.html</a> |
| 942 ## - ADDED ENTRY ELEMENTS (KOHA) | |
| Source of classification or shelving scheme | Dewey Decimal Classification |
| Item type | Book - Borrowing |
| Withdrawn status | Item status | Source of classification or shelving scheme | Damaged status | Not for loan | Vendor | Home library | Current library | Shelving location | Date acquired | Source of acquisition | Total Checkouts | Full call number | Barcode | Date last seen | Date last borrowed | Koha item type | Total Renewals |
|---|---|---|---|---|---|---|---|---|---|---|---|---|---|---|---|---|---|
| Dewey Decimal Classification | Baccah | Central Library | Central Library | Lower Floor | 01/04/2010 | 1 | 028 ADL | 000020276 | 15/07/2025 | 24/05/2011 | Book - Borrowing | ||||||
| Dewey Decimal Classification | Baccah | Central Library | Central Library | Lower Floor | 01/04/2010 | 1 | 028 ADL | 000020277 | 15/07/2025 | 28/04/2011 | Book - Borrowing | 5 |